000 00940nas a22002057a 4500
003 OSt
005 20160927091548.0
008 160601b xxu||||| |||| 00| 0 eng d
022 _a1130-0426
040 _cBMC
082 _a320.3064
245 0 0 _aNueva revista de política, cultura y arte
_p: Julio-agosto
_cAntonio Fontán (Presidente y editor)
260 _aMadrid
_bDifusiones y Promociones Editoriales, S.A. (Diproedisa)
_c2004
300 _a172 p.
_c21 cm
490 _aNueva revista de política, cultura y arte
_v94
505 _aContiene: El valor oculto de la información manifiesta.- En torno al tercer centenario el quijote desde el nacionalismo Catalán.- Ni la ortodoxia ni el laicismo quieren desaparecer.- El mundo Islámico ¿qué es lo que quiere?.- Sobre la historia universal de la destrucción de libros.-
650 2 4 _912628
_aPolítica cultural
700 1 _93186
_aFontán, Antonio
_d1923-2010
942 _2ddc
_cPR
999 _c25874
_d25874